[Event "Rasht Father Cup Blitz 2nd"]
[Site "Rasht"]
[Date "2023.12.07"]
[Round "3"]
[White "Maghsoudloo, Amir Ali"]
[Black "Mahdavi, Reza"]
[Result "0-1"]
[WhiteElo "2148"]
[BlackElo "2312"]
[PlyCount "71"]
[EventDate "2023.12.07"]
[EventType "swiss (blitz)"]
[EventRounds "13"]
[EventCountry "IRI"]
[SourceTitle "CB50_2023"]
[SourceDate "2023.12.13"]
[SourceVersion "1"]
[SourceVersionDate "2023.12.13"]
[SourceQuality "1"]

1. Nf3 Nf6 2. g3 g6 3. b3 Bg7 4. Bb2 d6 5. d4 c5 6. c4 Qa5+ 7. Qd2 Qc7 8. Nc3 Bg4 9. d5 0-0 10. Bg2 Qc8 11. h3 Bd7 12. e4 e5 13. dxe6 Bxe6 14. Nd5 Bxd5 15. exd5 Re8+ 16. Kf1 Nbd7 17. Kg1 a6 18. Kh2 b5 19. Rhe1 bxc4 20. bxc4 Rb8 21. Rab1 Rxe1 22. Rxe1 Rxb2 23. Qf4 Qc7 24. g4 Rxf2 25. Re7 Qd8 26. Re1 Ne5 27. Kg3 Nd3 28. Qe3 Rxf3+ 29. Bxf3 Nxe1 30. Qxe1 Nd7 31. Kg2 Bd4 32. Qb1 Ne5 33. Be4 Qf6 34. Qc2 Qf4 35. Qe2 Nxc4 36. Qd1 0-1

[Event "Mersin op 6th"]
[Site "Mersin"]
[Date "2022.09.05"]
[Round "2"]
[White "Ahmad, Al Khatib"]
[Black "Maghsoudloo, Amir Ali"]
[Result "1/2-1/2"]
[WhiteElo "2259"]
[BlackElo "2069"]
[PlyCount "101"]
[EventDate "2022.09.04"]
[EventType "swiss"]
[EventRounds "9"]
[EventCountry "TUR"]
[SourceTitle "CBM 210 Extra"]
[Source "ChessBase"]
[SourceDate "2022.11.30"]
[SourceVersion "1"]
[SourceVersionDate "2022.11.30"]
[SourceQuality "1"]

1. e4 c5 2. Nf3 Nc6 3. Nc3 Nf6 4. e5 Ng4 5. Qe2 f6 6. exf6 Nxf6 7. g3 e6 8. Bg2 Be7 9. 0-0 0-0 10. d3 Qe8 11. d4 Qh5 12. dxc5 Bxc5 13. Be3 Bxe3 14. Qxe3 b6 15. Qg5 Qe8 16. Nb5 h6 17. Qh4 Qe7 18. Nfd4 Bb7 19. Nxc6 Bxc6 20. Bxc6 dxc6 21. Nd4 c5 22. Nf3 Qb7 23. Ne5 Rad8 24. Rad1 Rd5 25. Ng4 Rxd1 26. Nxf6+ Rxf6 27. Rxd1 Qf3 28. Rd2 Qf5 29. Qc4 Qe5 30. Rd8+ Rf8 31. Rxf8+ Kxf8 32. c3 Ke7 33. Qa4 Kf6 34. Qc2 Qe1+ 35. Kg2 Qe5 36. a3 Qd5+ 37. Kg1 Ke7 38. Qe2 Kf6 39. h4 e5 40. Kh2 e4 41. Qe3 Qd3 42. Qf4+ Ke6 43. Qg4+ Kf7 44. Kg2 Qd5 45. Qf4+ Ke6 46. Qg4+ Kf7 47. Qf4+ Ke6 48. Kh2 Qf5 49. Qe3 g5 50. hxg5 hxg5 51. Qe2 1/2-1/2

[Event "Mersin op 6th"]
[Site "Mersin"]
[Date "2022.09.04"]
[Round "1"]
[White "Maghsoudloo, Amir Ali"]
[Black "Ozturk, Efe Hakan"]
[Result "1-0"]
[WhiteElo "2069"]
[BlackElo "2279"]
[PlyCount "141"]
[EventDate "2022.09.04"]
[EventType "swiss"]
[EventRounds "9"]
[EventCountry "TUR"]
[SourceTitle "CBM 210 Extra"]
[Source "ChessBase"]
[SourceDate "2022.11.30"]
[SourceVersion "1"]
[SourceVersionDate "2022.11.30"]
[SourceQuality "1"]

1. e4 c5 2. Nf3 a6 3. c4 e6 4. Nc3 Qc7 5. g3 b6 6. Bg2 Bb7 7. 0-0 d6 8. b3 Nf6 9. Re1 Be7 10. Bb2 0-0 11. Rc1 Nbd7 12. d4 cxd4 13. Nxd4 Rac8 14. g4 Ne8 15. Qd2 h6 16. f4 g6 17. Re3 Bf6 18. Rf1 Qd8 19. Rh3 Bg7 20. f5 Qe7 21. Rg3 g5 22. Re3 Ne5 23. h3 Nf6 24. Ba3 Rfd8 25. Na4 Nfd7 26. Rd1 Rb8 27. Ne2 Nc5 28. Nec3 b5 29. cxb5 axb5 30. Nb2 Bc6 31. Bb4 Qa7 32. Qf2 Ba8 33. Ree1 Nc6 34. f6 Bxf6 35. e5 Bg7 36. Bxc6 Bxc6 37. Rxd6 Rxd6 38. Bxc5 Qa5 39. b4 Qa3 40. Bxd6 Qxc3 41. Re3 Qc1+ 42. Re1 Qc3 43. Re3 Qc1+ 44. Re1 Qc3 45. Bxb8 Qxh3 46. Qh2 Qxg4+ 47. Kf1 Qf3+ 48. Qf2 Qh3+ 49. Ke2 Qg4+ 50. Kd2 Qxb4+ 51. Kc1 Be4 52. Qe3 Bf5 53. Bd6 Qa5 54. a3 f6 55. Bb4 Qa8 56. Nd3 fxe5 57. Nxe5 Qd5 58. Kb2 Qc6 59. Bc3 Qg2+ 60. Qd2 Qg3 61. Qe3 Qg2+ 62. Qd2 Qg3 63. Qd8+ Kh7 64. Qc7 Qf2+ 65. Ka1 Qc2 66. Qc5 Bf8 67. Qa7+ Bg7 68. Bb2 b4 69. Nd3 Kg6 70. Qxg7+ Kh5 71. Nxb4 1-0

[Event "Istanbul op"]
[Site "Istanbul"]
[Date "2022.08.09"]
[Round "3"]
[White "Maghsoudloo, Amir Ali"]
[Black "Saydaliev, Saidakbar"]
[Result "1/2-1/2"]
[WhiteElo "2017"]
[BlackElo "2348"]
[PlyCount "43"]
[EventDate "2022.08.08"]
[EventType "swiss"]
[EventRounds "9"]
[EventCountry "TUR"]
[SourceTitle "CBM 209 Extra"]
[Source "ChessBase"]
[SourceDate "2022.09.30"]
[SourceVersion "1"]
[SourceVersionDate "2022.09.30"]
[SourceQuality "1"]

1. e4 c5 2. Nf3 d6 3. d4 cxd4 4. Qxd4 Nc6 5. Qe3 Nf6 6. Be2 g6 7. 0-0 Bg7 8. h3 0-0 9. Rd1 Qc7 10. c4 Be6 11. Nc3 Na5 12. Nd5 Bxd5 13. cxd5 Rfc8 14. Nd2 Nd7 15. Rb1 Qc2 16. Qd3 Qxd3 17. Bxd3 Ne5 18. Bf1 Nac4 19. Nxc4 Nxc4 20. b3 Nb6 21. Bg5 Kf8 22. Rdc1 1/2-1/2

[Event "Eastern Asia-ch U16"]
[Site "Tornelo INT"]
[Date "2021.10.31"]
[Round "7"]
[White "Maghsoudloo, Amir Ali"]
[Black "Bodemar, Jonathan"]
[Result "1-0"]
[WhiteElo "1821"]
[BlackElo "1639"]
[PlyCount "141"]
[EventDate "2021.10.29"]
[EventType "swiss"]
[EventRounds "9"]
[EventCountry "NET"]
[SourceTitle "CBM 205 Extra"]
[Source "ChessBase"]
[SourceDate "2022.01.31"]
[SourceVersion "1"]
[SourceVersionDate "2022.01.31"]
[SourceQuality "1"]

1. e4 e6 2. d4 d5 3. Nc3 Bb4 4. e5 c5 5. a3 Ba5 6. b4 cxd4 7. Nb5 Bc7 8. Nf3 Nc6 9. Bf4 Nge7 10. Bd3 Nf5 11. Bxf5 exf5 12. Nfxd4 0-0 13. Nxc7 Qxc7 14. Nxc6 Qxc6 15. 0-0 Be6 16. Rc1 Qc3 17. Qd3 Rac8 18. Be3 Qxe5 19. Bd4 Qe4 20. Bxa7 Ra8 21. Bc5 Rfc8 22. Ra1 Qxd3 23. cxd3 h6 24. f4 Ra6 25. a4 Kh7 26. a5 d4 27. b5 Raa8 28. Rfc1 Rd8 29. a6 bxa6 30. bxa6 Rd7 31. a7 g5 32. g3 Kg6 33. Ra4 Rc7 34. Raa1 Rd7 35. Kf2 g4 36. Rcb1 Bd5 37. Rb6+ Kh7 38. Raa6 Be6 39. Rb8 Bd5 40. Bxd4 Bf3 41. Ke3 Re7+ 42. Be5 Rexa7 43. Rxa7 Rxa7 44. h4 Ra8 45. Rb6 Ra3 46. h5 Bd5 47. Kd4 Bf3 48. Rf6 Ra7 49. Rxf5 Rd7+ 50. Ke3 Bd5 51. Rf6 Be6 52. f5 Bb3 53. Bf4 Bc2 54. Rxh6+ Kg7 55. Rc6 Bxd3 56. Be5+ Kh7 57. Rc8 Kh6 58. Kf4 f6 59. Bxf6 Rf7 60. Rh8+ Rh7 61. Rxh7+ Kxh7 62. Kxg4 Kh6 63. Bg5+ Kh7 64. Kf4 Kg7 65. g4 Kf7 66. Bh4 Be2 67. h6 Bd3 68. g5 Bb1 69. g6+ Kg8 70. h7+ Kg7 71. Bf6+ 1-0

[Event "Eastern Asia-ch U16"]
[Site "Tornelo INT"]
[Date "2021.10.30"]
[Round "5"]
[White "Maghsoudloo, Amir Ali"]
[Black "Gavade, Atharv"]
[Result "1-0"]
[WhiteElo "1821"]
[BlackElo "1335"]
[PlyCount "53"]
[EventDate "2021.10.29"]
[EventType "swiss"]
[EventRounds "9"]
[EventCountry "NET"]
[SourceTitle "CBM 205 Extra"]
[Source "ChessBase"]
[SourceDate "2022.01.31"]
[SourceVersion "1"]
[SourceVersionDate "2022.01.31"]
[SourceQuality "1"]

1. e4 e5 2. Nf3 Nc6 3. Bc4 Nf6 4. d3 Bc5 5. c3 d6 6. 0-0 a6 7. a4 h6 8. Re1 0-0 9. Be3 Ba7 10. Nbd2 Be6 11. Bxe6 fxe6 12. Qb3 Qd7 13. h3 Bxe3 14. Rxe3 b6 15. d4 exd4 16. cxd4 Qf7 17. Rc1 Na5 18. Qc3 c5 19. b4 Nb7 20. Nc4 Nd7 21. bxc5 bxc5 22. d5 exd5 23. exd5 Qxd5 24. Re7 Nf6 25. Nb6 Qc6 26. Nxa8 Rxa8 27. Qb3+ 1-0

[Event "IRI-ch Online"]
[Site "Chess.com INT"]
[Date "2021.03.18"]
[Round "10"]
[White "Maghsoudloo, Amir Ali"]
[Black "Veisi, Bardia"]
[Result "0-1"]
[WhiteElo "1892"]
[BlackElo "2273"]
[PlyCount "74"]
[EventDate "2021.03.15"]
[EventType "swiss (rapid)"]
[EventRounds "11"]
[EventCountry "IRI"]
[SourceTitle "CBM 201 Extra"]
[Source "ChessBase"]
[SourceDate "2021.05.31"]
[SourceVersion "1"]
[SourceVersionDate "2021.05.31"]
[SourceQuality "1"]

1. e4 c5 2. Nc3 Nc6 3. Bb5 g6 4. Nge2 Bg7 5. 0-0 Nf6 6. Bxc6 dxc6 7. d3 0-0 8. Be3 b6 9. h3 e5 10. f4 exf4 11. Bxf4 Nd7 12. Qe1 Ba6 13. Bd6 Re8 14. Qf2 f6 15. Bg3 Ne5 16. Bh4 Rf8 17. Kh1 Qe7 18. g4 c4 19. d4 Nd7 20. Qg2 Bb7 21. Rae1 b5 22. Kg1 b4 23. Na4 c5 24. d5 Nb6 25. Nxb6 axb6 26. g5 fxg5 27. Bxg5 Qe5 28. Bf4 Qxb2 29. Qg4 Bc8 30. Qg2 Rxa2 31. Bd6 Rxf1+ 32. Rxf1 Ra1 33. Qg5 Rxf1+ 34. Kxf1 Bxh3+ 35. Ke1 Qa1+ 36. Kf2 Qf6+ 37. Qf5 Bxf5 0-1

[Event "IRI-ch Online"]
[Site "Chess.com INT"]
[Date "2021.03.17"]
[Round "7"]
[White "Golshaani, Taha"]
[Black "Maghsoudloo, Amir Ali"]
[Result "0-1"]
[WhiteElo "1421"]
[BlackElo "1892"]
[PlyCount "102"]
[EventDate "2021.03.15"]
[EventType "swiss (rapid)"]
[EventRounds "11"]
[EventCountry "IRI"]
[SourceTitle "CBM 201 Extra"]
[Source "ChessBase"]
[SourceDate "2021.05.31"]
[SourceVersion "1"]
[SourceVersionDate "2021.05.31"]
[SourceQuality "1"]

1. d4 Nf6 2. Nf3 g6 3. Nc3 d5 4. Bf4 Bg7 5. e3 0-0 6. Be2 c6 7. Ne5 Nfd7 8. h4 Nxe5 9. dxe5 Nd7 10. Qd4 e6 11. 0-0-0 c5 12. Qd2 Nxe5 13. h5 Nc6 14. hxg6 fxg6 15. f3 d4 16. Ne4 Qb6 17. c3 dxc3 18. Nxc3 Nb4 19. Kb1 Nd5 20. Nxd5 exd5 21. Bh6 Bf5+ 22. Ka1 Bxh6 23. Rxh6 Rad8 24. Rdh1 Rf7 25. g4 Be6 26. f4 Rg7 27. f5 Bf7 28. Bd3 Rd6 29. fxg6 Bxg6 30. Bxg6 hxg6 31. Rh8+ Kf7 32. Rf1+ Ke7 33. Rff8 Kd7 34. Qf2 Kc6 35. Rc8+ Rc7 36. Qf7 Rxc8 37. Rxc8+ Kb5 38. Rc7 Ka6 39. a3 c4 40. Qe7 Rf6 41. Rxb7 Rf1+ 42. Ka2 Qxb7 43. Qe6+ Qb6 44. Qc8+ Ka5 45. b4+ cxb3+ 46. Kb2 Rf2+ 47. Kb1 Rc2 48. Qf8 Rc4 49. Qf7 Qc5 50. Qb7 Rc1+ 51. Kb2 Qc3# 0-1

[Event "IRI-ch Online"]
[Site "Chess.com INT"]
[Date "2021.03.17"]
[Round "5"]
[White "Jahedi, Mani"]
[Black "Maghsoudloo, Amir Ali"]
[Result "1-0"]
[WhiteElo "2201"]
[BlackElo "1892"]
[PlyCount "97"]
[EventDate "2021.03.15"]
[EventType "swiss (rapid)"]
[EventRounds "11"]
[EventCountry "IRI"]
[SourceTitle "CBM 201 Extra"]
[Source "ChessBase"]
[SourceDate "2021.05.31"]
[SourceVersion "1"]
[SourceVersionDate "2021.05.31"]
[SourceQuality "1"]

1. e4 c5 2. Nf3 Nc6 3. d4 cxd4 4. Nxd4 e5 5. Nb5 a6 6. Nd6+ Bxd6 7. Qxd6 Qe7 8. Qd1 Nf6 9. Nc3 d6 10. Bg5 Be6 11. Nd5 Bxd5 12. exd5 Nb8 13. Qf3 Nbd7 14. 0-0-0 h6 15. Be3 Rc8 16. g4 e4 17. Qg3 Ne5 18. Be2 Qc7 19. c3 Qa5 20. Kb1 Nxd5 21. Rd4 0-0 22. Rhd1 Nb6 23. Rxd6 Nbc4 24. R6d5 Qc7 25. Rc5 Qe7 26. Rxc8 Rxc8 27. Rd4 Qf6 28. Qf4 Qxf4 29. Bxf4 g5 30. Bg3 b5 31. b3 Na3+ 32. Kb2 b4 33. Rxb4 Nd3+ 34. Bxd3 exd3 35. Rd4 Nb5 36. Rxd3 Re8 37. Rd2 h5 38. gxh5 f5 39. c4 Na7 40. Rd5 Rf8 41. h4 g4 42. Bf4 Nc6 43. Kc3 Ne7 44. Rd7 Re8 45. b4 Kf7 46. Bg5 Ke6 47. Rxe7+ Rxe7 48. Bxe7 Kxe7 49. Kd3 1-0

[Event "IRI-ch Online"]
[Site "Chess.com INT"]
[Date "2021.03.17"]
[Round "6"]
[White "Maghsoudloo, Amir Ali"]
[Black "Atakhan, Abtin"]
[Result "0-1"]
[WhiteElo "1892"]
[BlackElo "2294"]
[PlyCount "100"]
[EventDate "2021.03.15"]
[EventType "swiss (rapid)"]
[EventRounds "11"]
[EventCountry "IRI"]
[SourceTitle "CBM 201 Extra"]
[Source "ChessBase"]
[SourceDate "2021.05.31"]
[SourceVersion "1"]
[SourceVersionDate "2021.05.31"]
[SourceQuality "1"]

1. Nf3 d5 2. g3 g6 3. c4 dxc4 4. Qa4+ Nc6 5. Qxc4 e5 6. Bg2 Be6 7. Qb5 a6 8. Qa4 Bg7 9. d3 Nge7 10. Ng5 Bd7 11. Qc4 0-0 12. h4 h6 13. Ne4 Nd4 14. h5 Be6 15. Qa4 Bd5 16. Nbc3 Bc6 17. Qd1 f5 18. e3 fxe4 19. exd4 e3 20. Qb3+ Kh8 21. d5 exf2+ 22. Kf1 Nf5 23. Rh3 Nd4 24. Qd1 Bd7 25. Rh2 g5 26. Ne4 Qc8 27. Nxf2 Bg4 28. Qd2 Qf5 29. Be4 Nf3 30. Bxf5 Nxd2+ 31. Bxd2 Bxf5 32. Kg1 Rad8 33. g4 Bh7 34. Rc1 Rf7 35. Ne4 Rxd5 36. Rf2 Rxf2 37. Nxf2 c6 38. Bc3 Bxd3 39. Re1 Bh7 40. Nd1 e4 41. Ne3 Bxc3 42. bxc3 Rd2 43. a4 Rd3 44. c4 Kg7 45. Kf2 Kf6 46. Rb1 Rd7 47. c5 Ke5 48. Nc4+ Kf4 49. Nd6 e3+ 50. Ke2 Bxb1 0-1

[Event "IRI-ch Online"]
[Site "Chess.com INT"]
[Date "2021.03.16"]
[Round "2"]
[White "Nadimifar, Adnan"]
[Black "Maghsoudloo, Amir Ali"]
[Result "0-1"]
[WhiteElo "2210"]
[BlackElo "1892"]
[PlyCount "84"]
[EventDate "2021.03.15"]
[EventType "swiss (rapid)"]
[EventRounds "11"]
[EventCountry "IRI"]
[SourceTitle "CBM 201 Extra"]
[Source "ChessBase"]
[SourceDate "2021.05.31"]
[SourceVersion "1"]
[SourceVersionDate "2021.05.31"]
[SourceQuality "1"]

1. d4 Nf6 2. c4 g6 3. Nc3 d5 4. Nf3 Bg7 5. Qb3 dxc4 6. Qxc4 0-0 7. e4 a6 8. e5 b5 9. Qb3 Nfd7 10. e6 fxe6 11. h4 Nf6 12. Bd3 c5 13. Qc2 cxd4 14. Ne4 Bb7 15. Neg5 Qd5 16. h5 h6 17. Nh3 e5 18. Bxg6 Nbd7 19. Bd2 Nc5 20. 0-0 Rac8 21. Qb1 Nce4 22. Bb4 Nd6 23. Qd1 Rc4 24. a3 Qe6 25. Re1 Ng4 26. Nxd4 Qf6 27. Qxg4 Rxd4 28. Qg3 Nf5 29. Qb3+ Bd5 30. Qc3 Nh4 31. f3 Nxg6 32. hxg6 Qxg6 33. Re3 e4 34. Qc2 Rc4 35. Qd2 Bd4 36. Kh1 exf3 37. gxf3 Rxf3 38. Rxf3 Bxf3+ 39. Kh2 Rc2 40. Rg1 Rxd2+ 41. Bxd2 Bxg1+ 42. Nxg1 Qg2# 0-1

[Event "IRI-ch U16"]
[Site "Chess.com INT"]
[Date "2021.01.16"]
[Round "5"]
[White "Heydari, Mohammad Matin"]
[Black "Maghsoudloo, Amir Ali"]
[Result "0-1"]
[WhiteElo "1657"]
[BlackElo "1903"]
[PlyCount "100"]
[EventDate "2021.01.16"]
[EventType "swiss"]
[EventRounds "11"]
[EventCountry "IRI"]
[SourceTitle "EXT 2022"]
[Source "ChessBase"]
[SourceDate "2021.10.06"]
[SourceVersion "1"]
[SourceVersionDate "2021.10.06"]
[SourceQuality "1"]

1. d4 Nf6 2. Nf3 g6 3. c4 Bg7 4. Nc3 d5 5. Bf4 0-0 6. h3 c6 7. e3 Nbd7 8. Be2 dxc4 9. Bxc4 Nb6 10. Be2 Be6 11. Ne5 Nfd5 12. Bg3 Nxc3 13. bxc3 Nd5 14. Qd2 f6 15. Nd3 Bf7 16. 0-0 Qa5 17. Nb4 e5 18. dxe5 fxe5 19. e4 Nf4 20. Bf3 Rad8 21. Qe3 Bh6 22. Qe1 Bc4 23. Bxf4 Bxf4 24. Be2 Qc5 25. Rd1 Bxe2 26. Qxe2 Qxc3 27. Nd3 Rd4 28. Nxf4 Rxf4 29. f3 Rf8 30. Rc1 Qb4 31. Rb1 Qc5 32. Kh1 b5 33. Rfc1 Qb6 34. Qc2 Rfd8 35. Qxc6 Rd1+ 36. Rxd1 Rxd1+ 37. Rxd1 Qxc6 38. Kh2 Qc4 39. Rd8+ Kg7 40. Rd7+ Kh6 41. Rxa7 b4 42. Rb7 Qxa2 43. Rxb4 Qd2 44. Rb1 Kg5 45. Rf1 h5 46. Kg3 h4+ 47. Kh2 Kf4 48. Kh1 Kg3 49. Rg1 g5 50. f4 gxf4 0-1

[Event "IRI-ch U16"]
[Site "Chess.com INT"]
[Date "2021.01.16"]
[Round "11"]
[White "Maghsoudloo, Amir Ali"]
[Black "Ghayourifar, Ali"]
[Result "1-0"]
[WhiteElo "1903"]
[BlackElo "1916"]
[PlyCount "87"]
[EventDate "2021.01.16"]
[EventType "swiss"]
[EventRounds "11"]
[EventCountry "IRI"]
[SourceTitle "EXT 2022"]
[Source "ChessBase"]
[SourceDate "2021.10.06"]
[SourceVersion "1"]
[SourceVersionDate "2021.10.06"]
[SourceQuality "1"]

1. e4 e6 2. d4 d5 3. Nd2 dxe4 4. Nxe4 Bd7 5. Nf3 Bc6 6. Bd3 Nd7 7. 0-0 Ngf6 8. Ng3 Bd6 9. c3 0-0 10. Qe2 b6 11. Re1 Bb7 12. Ne5 c5 13. Bg5 Be7 14. Rad1 h6 15. Bxf6 Bxf6 16. Nxd7 Qxd7 17. dxc5 Qc7 18. Ne4 Bxe4 19. Qxe4 g6 20. c6 Rad8 21. Bb5 Rd6 22. Rxd6 Qxd6 23. Qf3 Be5 24. Rd1 Bxh2+ 25. Kh1 Qc5 26. a4 Bc7 27. Rd7 Qe5 28. g3 h5 29. Qe2 Rc8 30. Qxe5 Bxe5 31. Rxa7 Kf8 32. Rb7 Rb8 33. c7 Rc8 34. Rxb6 Rxc7 35. a5 Ke7 36. a6 Bd6 37. b4 f5 38. Bc6 Ra7 39. Bb7 Kd7 40. b5 Be5 41. Rc6 g5 42. Bc8+ Kd8 43. b6 Re7 44. a7 1-0

[Event "IRI-ch U16"]
[Site "Chess.com INT"]
[Date "2021.01.16"]
[Round "9"]
[White "Maghsoudloo, Amir Ali"]
[Black "Malekzadeh, Mohammad"]
[Result "1-0"]
[WhiteElo "1903"]
[BlackElo "1752"]
[PlyCount "47"]
[EventDate "2021.01.16"]
[EventType "swiss"]
[EventRounds "11"]
[EventCountry "IRI"]
[SourceTitle "EXT 2022"]
[Source "ChessBase"]
[SourceDate "2021.10.06"]
[SourceVersion "1"]
[SourceVersionDate "2021.10.06"]
[SourceQuality "1"]

1. e4 c6 2. Nc3 d5 3. Qf3 dxe4 4. Nxe4 Nf6 5. Bc4 Qd4 6. d3 e6 7. Ne2 Qd8 8. Bf4 Be7 9. 0-0 0-0 10. Nxf6+ Bxf6 11. d4 Nd7 12. Rad1 Qb6 13. c3 e5 14. dxe5 Nxe5 15. Bxe5 Bxe5 16. Ng3 Bxg3 17. hxg3 Qc7 18. Rfe1 b5 19. Bxb5 Bb7 20. Bc4 c5 21. Qf5 Rad8 22. Rxd8 Rxd8 23. Qe5 Qc6 24. Bd5 1-0

[Event "IRI-ch U16"]
[Site "Chess.com INT"]
[Date "2021.01.16"]
[Round "2"]
[White "Maghsoudloo, Amir Ali"]
[Black "Zerafat, Armin"]
[Result "0-1"]
[WhiteElo "1903"]
[BlackElo "1574"]
[PlyCount "60"]
[EventDate "2021.01.16"]
[EventType "swiss"]
[EventRounds "11"]
[EventCountry "IRI"]
[SourceTitle "EXT 2022"]
[Source "ChessBase"]
[SourceDate "2021.10.06"]
[SourceVersion "1"]
[SourceVersionDate "2021.10.06"]
[SourceQuality "1"]

1. e4 c5 2. Nf3 Nc6 3. d4 cxd4 4. Nxd4 e5 5. Nb5 d6 6. Be2 a6 7. N5a3 Be6 8. c3 Be7 9. Nc2 Nf6 10. Nd2 d5 11. exd5 Bxd5 12. 0-0 0-0 13. Ne3 Be6 14. Qc2 Rc8 15. Qb1 Nd5 16. Nf3 Nf4 17. Bd1 f5 18. Bb3 Bxb3 19. axb3 e4 20. Rd1 Qe8 21. Ne1 Qh5 22. g4 fxg4 23. Qxe4 Nh3+ 24. Kg2 Rxf2+ 25. Kh1 Rf1+ 26. Nxf1 Nf2+ 27. Kg2 Nxe4 28. Be3 Qh3+ 29. Kg1 Rf8 30. Ng2 Ne5 0-1

[Event "Ordu op 4th"]
[Site "Ordu"]
[Date "2018.04.10"]
[Round "1"]
[White "Naumkin, Igor"]
[Black "Maghsoudloo, Amir Ali"]
[Result "1-0"]
[WhiteElo "2418"]
[BlackElo "1911"]
[PlyCount "127"]
[EventDate "2018.04.10"]
[EventType "swiss"]
[EventRounds "9"]
[EventCountry "TUR"]
[SourceTitle "CBM 183 Extra"]
[Source "ChessBase"]
[SourceDate "2018.04.19"]
[SourceVersion "1"]
[SourceVersionDate "2018.04.19"]
[SourceQuality "1"]

1. d4 Nf6 2. c4 e6 3. Nf3 b6 4. g3 Bb7 5. Bg2 Bb4+ 6. Nbd2 c5 7. dxc5 Bxc5 8. 0-0 0-0 9. a3 a5 10. b3 d5 11. cxd5 Qxd5 12. Bb2 Rd8 13. Qc2 Nc6 14. Rad1 e5 15. e3 Rac8 16. Qb1 Qe6 17. Nxe5 Nxe5 18. Bxb7 Rc7 19. Bg2 Rcd7 20. Bxe5 Rxd2 21. Rxd2 Rxd2 22. Bc3 Rxf2 23. Rxf2 Qxe3 24. Qe1 Qd3 25. Bxf6 gxf6 26. Kh1 Bxf2 27. Qxf2 Qxb3 28. Qxf6 Qxa3 29. Qxb6 Qc1+ 30. Qg1 Qc3 31. Qf1 Qb3 32. Qf3 Qb1+ 33. Qf1 Qb3 34. Bf3 a4 35. Qd1 Qc3 36. Bd5 a3 37. Qf1 Qc7 38. Qc4 Qe7 39. Kg2 Qa7 40. h4 Kg7 41. Kh3 Qf2 42. Qc3+ Kg8 43. Qc8+ Kg7 44. Qg4+ Kf8 45. Qf4 Qa7 46. Qh6+ Kg8 47. Be4 a2 48. Bxh7+ Kh8 49. Bb1+ Kg8 50. Qg5+ Kh8 51. Qf6+ Kg8 52. Bxa2 Qxa2 53. h5 Qd5 54. Kh4 Qh1+ 55. Kg5 Qc1+ 56. Qf4 Qc5+ 57. Kh4 Kh8 58. Qh6+ Kg8 59. Qg5+ Qxg5+ 60. Kxg5 Kg7 61. g4 Kg8 62. Kf6 Kf8 63. h6 Kg8 64. g5 1-0